| 000 | 01213nam a22002417a 4500 | ||
|---|---|---|---|
| 005 | 20110209120154.0 | ||
| 008 | 110209t xxu||||| |||| 00| 0 mar d | ||
| 010 | _aMAR-20548 | ||
| 020 |
_a9788174981042 _c250.00 |
||
| 035 | _aMR-13206 | ||
| 037 | _bDBAD / PUB | ||
| 040 |
_aDPL _bMR |
||
| 082 | _a153.42 | ||
| 100 |
_aउपाध्याय,भूषणकुमार _925775 |
||
| 245 |
_aजगज्जेते / _cभूषणकुमार उपाध्याय : शकुन्तला कोलारकर द्वारा अनुवादित |
||
| 246 |
_aJagajete _bby Bhushankumar Upadhyaya |
||
| 260 |
_aनागपूर _bविजय प्रकाशन _c2010 |
||
| 270 |
_aहनुमान गल्ली,सीताबर्डी _bनागपूर _e440012 _k0712-2530539 |
||
| 300 |
_a262पृ _b21 सेमी(अजिल्द) |
||
| 700 |
_aकोलारकर,शकुन्तला _925776 |
||
| 942 |
_2ddc _cMR _h153.42 _mउपाध्या |
||
| 999 |
_c50379 _d50379 |
||